000 00988nam a2200229 i 4500
001 104408
003 ES-MaACL
005 20230906183608.0
007 t|
008 051129s1950 mx ||||1| spa d
100 1 _aMillares Carlo, Agustín,
_d1893-1980
_981176
245 1 0 _aInvestigaciones biobibliográficas iberoamericanas
_b: época colonial /
_cAgustín Millares Carlo.
260 _aMéxico :
_b[Editorial Jus],
_c1950 (
_fTalls. Edit. Jus)
300 _a153 p., lám. I-X ;
_c24 cm.
490 1 _aPublicaciones del Instituto de Historia. Primera serie ;
_v17
500 _aPrecede al tít.: Universidad Nacional Autónoma de México.Instituto de Historia.
651 4 _aAmérica española-
_vBiobibliografías.
_9170391
710 2 _aUniversidad Nacional Autónoma de México.
_bInstituto de Historia.
_97398
830 0 _aPublicaciones del Instituto de Historia. Primera serie ;
_v17
_9226756
852 _aES-MaACL
_jC-15465
_bR.43575
999 _c104408
_d104408